लोड हो रहा है...
Nutrients and energy /
| अन्य लेखक: | |
|---|---|
| स्वरूप: | Printed Book |
| भाषा: | English |
| प्रकाशित: |
New York :
S.Kargel Basel,
1983.
|
| विषय: |
| LEADER | 00489nam a2200133Ia 4500 | ||
|---|---|---|---|
| 008 | 160121b xxu||||| |||| 00| 0 eng d | ||
| 082 | |a 613 |2 23 | ||
| 245 | |a Nutrients and energy / |c Edited By Geoffrey H. Bourne | ||
| 260 | |a New York : |b S.Kargel Basel, |c 1983. | ||
| 653 | |a Physiology | ||
| 700 | |a Bourne, Geoffrey H. |e Editor | ||
| 942 | |c BK | ||
| 999 | |c 123148 |d 123148 | ||
| 952 | |0 0 |1 0 |4 0 |6 613_000000000000000_BOU_N |7 0 |9 136344 |a LIF |b LIF |c ST1 |d 2009-08-02 |i 958 |l 0 |o 613 BOU/N |p LIF958 |r 2009-08-02 |w 2009-08-02 |y BK | ||